000 00626nam a2200229Ia 4500
003 OSt
005 20220923230414.0
006 a|||||r|||| 00| 0
007 ta
008 Pun
024 _a281,565
037 _cTextual
040 _aARTS
_cARTS
_bPun
041 _2Pun
_aPun
082 _aO153,3M97x, N2
100 _aਸਿੰਘ, ਨਾਨਕ
245 0 _aਨਾਨਕ ਸਿੰਘ ਦੀ ਚੋਣਵੀ੍ਵ ਗਲਪ ਰਚਨਾ
260 _c1992
650 _aਪੰਜਾਬੀ ਸਾਹਿਤ
942 _hO153,3M97x, N2
_cTEXL
_2CC
999 _c384629
_d384629